000 00325nam a22001457a 4500
003 SGT
020 _a81-89747-3-7
082 _a616.07
_bBAN
100 _aBANSAL, RAJPAL
245 _aA TEXTBOOK OF PATHOPHYSIOLOGY
260 _aINDIA
_bBIRLA PUB.
_c2026
300 _a655
650 _aPATHOPHYSIOLOGY
942 _2ddc
_cBK
999 _c33044
_d33044